000 00615cam a22002053a 4500
001 39683
003 PGUSA
005 20140828083900.0
008 120512s2012||||xxu|||||s|||||000 | eng d
040 _aPGUSA
_beng
042 _adc
100 1 _aBowditch, Charles P.
245 1 0 _aMemoranda on the Maya Calendars Used in the Books of Chilan Balam
_h[electronic resource] /
_cCharles P. Bowditch
260 _bProject Gutenberg,
_c2012
506 _aPublic domain in the USA.
516 _aElectronic text
830 0 _aProject Gutenberg
_v39683
856 4 0 _uhttp://www.gutenberg.org/ebooks/39683
942 _cEB
999 _c268936
_d268936